| 000 | 01067cam a2200325 i 4500 | ||
|---|---|---|---|
| 001 | 200463184 | ||
| 003 | TR-AnTOB | ||
| 005 | 20241211163930.0 | ||
| 007 | ta | ||
| 008 | 051202s2016 tu bi 001 0 tur d | ||
| 020 |
_a9757526304 _q(paperback) |
||
| 020 |
_a9789757526308 _q(paperback) |
||
| 035 | _a(OCoLC) | ||
| 040 |
_aSULEY _beng _erda _cSULEY _dTR-AnTOB |
||
| 041 | 0 | _atur | |
| 050 | 1 | 4 |
_aDA47.9.T8 _bK6333 2016 |
| 090 |
_aDA47.9.T8 _bK6333 2016 |
||
| 100 | 1 |
_aKocabaş, Süleyman _d1950- _eauthor _943379 |
|
| 245 | 1 | 0 |
_aİngilizlerin Osmanlı'yı yıkma planları: _bİngiliz tuzağı / _cSüleyman Kocabaş. |
| 264 | 1 |
_aİstanbul : _bDerin Tarih, _c2016. |
|
| 300 |
_a79 pages ; _c20 cm |
||
| 336 |
_atext _btxt _2rdacontent |
||
| 337 |
_aunmediated _bn _2rdamedia |
||
| 338 |
_avolume _bnc _2rdacarrier |
||
| 500 | _aDerin Tarih dergisinin 53. sayısının hediyesidir. | ||
| 651 | 7 |
_aBüyük Britanya _xDış ilişkiler _zTürkiye _96864 |
|
| 653 | _aOsmanlı Tarihi -- Türk-İngiliz İlişkileri | ||
| 942 |
_2lcc _cBK |
||
| 999 |
_c200463184 _d81396 |
||